Análisis no lineal /

Guardado en:
Autor Corporativo: Encuentro de Análisis No Lineal
Otros Autores: Jiménez, R. F. (Editor ), Mennickent, H. (Editor )
Formato: Libro
Idioma:Spanish
English
Publicado: [Concepción, Chile] : PNUD/UNESCO : Universidad de Concepción, 1986.
Etiquetas: Agregar Etiqueta
Sin Etiquetas, Sea el primero en etiquetar este registro!
LEADER 00931nam a22002295a 4500
001 MAT.inmabb004862
008 080722s1986####cl#a#####b####100#0#spa#d
005 20170629130537.0
245 0 0 |a Análisis no lineal /  |c R. F. Jiménez, H. Mennickent (editores). 
260 |a [Concepción, Chile] :  |b PNUD/UNESCO :  |b Universidad de Concepción,  |c 1986. 
300 |a 146 p. :  |b il. ;  |c 27 cm. 
500 |a Trabajos presentados en el 2º Encuentro de Análisis No Lineal, realizado en la Universidad de Concepción en octubre de 1986. 
546 |a Español e inglés. 
504 |a Incluye referencias bibliográficas. 
700 1 |a Jiménez, R. F.  |q (Raúl F.)  |4 edt 
700 1 |a Mennickent, H.  |q (Hubert)  |4 edt 
711 2 |a Encuentro de Análisis No Lineal  |n (2º :  |d 1986 :  |c Concepción, Chile) 
084 |a 34-01  |2 msc2000 
084 |a 37-01  |2 msc2000 
084 |a 65-01  |2 msc2000 
041 1 |a spa  |a eng 
859 |h 34  |i An532  |p A-7005  |b BIB. MATEMATICA